| 000 | 01314nam a22002897a 4500 | ||
|---|---|---|---|
| 999 |
_c667 _d667 |
||
| 001 | UTEA | ||
| 005 | 20231215141630.0 | ||
| 006 | g||||gr||||||01 nz | ||
| 007 | ta | ||
| 008 | 161201b pe||||| |||| 00| 0 spa d | ||
| 020 | _a9786123024871 | ||
| 040 | _aUTEA | ||
| 041 | _aEs | ||
| 044 | _aPE | ||
| 082 |
_a370.15 _bC95 |
||
| 100 |
_aCuevas Cipriani, Rudy _cDoctor en Ciencias de la Educación _eAutor |
||
| 245 |
_aPsicología del Aprendizaje _cRudy Cuevas Cipriano _h[Impreso] |
||
| 250 | _a1a edición | ||
| 260 |
_aLima - Perú _bEditorial San Marcos _c2011 |
||
| 300 |
_a552 páginas. _bFiguras y cuadros _c17 x 24 cm. |
||
| 505 | _aPsicología del Aprendizaje. -- El modelo alostérico y las teorías contemporáneas sobre el aprendizaje. -- Aproximación conceptual del aprendizaje. -- El aprendizaje basados en metas. -- Constructivismo, innovación didáctica y aprendizaje en las aulas. -- Estrategias para el aprendizaje significativo. -- Aprendizaje basada en casos. -- | ||
| 520 | _aEste libro trata del aprendizaje humano que esta relacionado con la educación y el desarrollo personal. | ||
| 650 | 0 |
_aPSICOLOGÍA DEL APRENDIZAJE _954637 |
|
| 650 | 0 |
_aPSICOLOGÍA DEL APRENDIZAJE _954637 |
|
| 653 |
_aEDUCACIÓN _aAPRENDIZAJE _aAUTOAPRENDIZAJE _aPRINCIPIOS |
||
| 942 |
_2ddc _cBK _e2023-12-15 |
||